Caricamento...
Velichathinte poralikal /
| Altri autori: | |
|---|---|
| Natura: | Printed Book |
| Pubblicazione: |
Kottayam:
DC Books,
2008.
|
| Soggetti: |
| LEADER | 00501cam a2200157ua 4500 | ||
|---|---|---|---|
| 008 | 100609t2008||||||||||| 00 ||||| c | ||
| 082 | |a M869.34 |b COE/V | ||
| 245 | 1 | 0 | |a Velichathinte poralikal / |
| 260 | |a Kottayam: |b DC Books, |c 2008. | ||
| 300 | |a 280p.. | ||
| 362 | 1 | |a 2008. | |
| 650 | 0 | |a Malayalam nivel | |
| 700 | 0 | 2 | |a Coelho,, Paulo |
| 942 | |c BK | ||
| 999 | |c 22265 |d 22265 | ||
| 952 | |0 0 |1 0 |4 0 |6 M_869_340000000000000_COE |7 0 |9 23597 |a KUCL |b KUCL |d 2014-05-23 |l 1 |o M869.34 COE/ |p 22692 |r 2016-08-01 |s 2016-05-07 |w 2014-05-23 |y BK | ||